| 000 | 00473nam a22001697a 4500 | ||
|---|---|---|---|
| 003 | BD-DhUL | ||
| 005 | 20190714152202.0 | ||
| 008 | 190714snd. pk ||||| |||| 00| 0 urd d | ||
| 040 |
_aBD-DhUL _cBD-DhUL |
||
| 082 |
_a891.431 _bMUS |
||
| 100 | 0 | _aمختار صدیقی | |
| 245 | 1 | 0 |
_aسی حرفی / _cمختار صدیقی |
| 260 |
_aکراچی : _bمکتبۂ طبع زاد، _c۔ |
||
| 300 |
_aص۔ ۱۴۷ ؛ _c۱۸ سم۔ |
||
| 650 | 4 | _aUrdu poetry | |
| 942 |
_2ddc _cBK |
||
| 999 |
_c248744 _d248744 |
||